Bengali left: from pink to saffron? (Record no. 55707)

000 -LEADER
fixed length control field 00994pab a2200169 454500
008 - FIXED-LENGTH DATA ELEMENTS--GENERAL INFORMATION
fixed length control field 180718b2003 xxu||||| |||| 00| 0 eng d
100 ## - MAIN ENTRY--PERSONAL NAME
Personal name Banerjee, Sumanta
245 ## - TITLE STATEMENT
Title Bengali left: from pink to saffron?
260 ## - PUBLICATION, DISTRIBUTION, ETC.
Date of publication, distribution, etc. 2003
300 ## - PHYSICAL DESCRIPTION
Extent p.864-65.
362 ## - DATES OF PUBLICATION AND/OR SEQUENTIAL DESIGNATION
Dates of publication and/or sequential designation 1 Mar
520 ## - SUMMARY, ETC.
Summary, etc. With this government's failure to stem retrenchment in the industrial field, sustain its few achievements in the countryside, and provide basic amenities and a clean administration for all its citizens, the picture is indeed bleak in West Bengal. In order to explain away this failure, the CPI (M) has today found a scapegoat - the Bangladeshi infiltrators. But such a choice has ominous implications - given the tense communal situation in the country today, as well as the historical background of Hindu-Muslim relations in West Bengal. - Reproduced.
650 ## - SUBJECT ADDED ENTRY--TOPICAL TERM
Topical term or geographic name entry element West Bengal - Politics and government
650 ## - SUBJECT ADDED ENTRY--TOPICAL TERM
Topical term or geographic name entry element Politics and government
773 ## - HOST ITEM ENTRY
Main entry heading Economic and Political Weekly
909 ## -
-- 55707
Holdings
Withdrawn status Lost status Damaged status Not for loan Permanent Location Current Location Date acquired Serial Enumeration / chronology Barcode Date last seen Price effective from Koha item type
        Indian Institute of Public Administration Indian Institute of Public Administration 2018-07-19 Volume no: 38, Issue no: 9 AR56152 2018-07-19 2018-07-19 Articles

Powered by Koha